Ein Tag im Jahr : 1960-2000 /

Hlavní autor: Wolf, Christa, 1929-2011
Jazyk: Němčina
Vydáno: Frankfurt am Main : Luchterhand Literaturverlag, 1990
Témata:
Fyzický popis: 655 s.
Knihy
Uloženo v:
LEADER 00795nam a2200241 4500
001 000996498
003 CZ BrMZK
005 20190308131757.0
007 ta
008 010825s1990 gw f ger
020 |a 3-630-87149-6 
040 |a BOA001  |b cze 
100 1 |a Wolf, Christa,  |d 1929-2011  |7 jn19990009239 
245 1 4 |a Ein Tag im Jahr :  |b 1960-2000 /  |c Christa Wolf ; Illustr. Martin Hoffmann 
260 |a Frankfurt am Main :  |b Luchterhand Literaturverlag,  |c 1990 
300 |a 655 s. 
541 |a 1.12.2003 
655 7 |a eseje  |7 fd132213  |2 czenas 
655 7 |a vzpomínky  |7 fd133830  |2 czenas 
910 |a BOA001  |b NK-0004.543 
990 |a BK 
991 |z 000045071  |x 44 
996 7 |b 261D006072  |c NK-0004.543  |l Německá knihovna/2.patro  |r ZHR  |n 2  |p {B-04.543}  |h B-wol  |w 000996498  |u 000010  |a 0  |e BOA001  |j MZK50  |s A